00874nam a22002895i 4500999001900000001000900019003000500028005001700033008004100050010001700091020001800108038001100126040002300137042000800160082001500168100002400183245003600207264005600243300001000299336002600309337002800335338002700363650002100390906004500411942001200456952011600468 c527021d52702119778443NUST20190718083157.0170710s2017 nyu 000 0 eng  a 2017948184 a9788122425772 aArshad aDLCbengerdacDLC apcc a004.6bSHI aShinde, S.S.91808100aComputer network /cS.S. Shinde 1aNew Delhi :bNew age international publisher,c2009 a404p. atextbtxt2rdacontent aunmediatedbn2rdamedia avolumebnc2rdacarrier 2Computer Network a0bibccorignewd2eepcnf20gy-gencatlg 2ddccBK 00102ddc4070aNQCbNQCcCARTd2019-07-18ePurchasedg0.00l0o004.6 SHIpQ-24r2019-07-18t1w2019-07-18yBK